Dekatnya Imaam Al-Mahdi dan tanda-tanda nyata kiamat

Bibliographic Details
Main Author: Ash-Shaabuuni, Asy-Syaikh Muhd
Other Authors: Abdullah Al-Qari, Ali-Manshuur, Asy-Syaikh Muh
Format: Book
Published: Kuala Lumpur : Al-Hidayah Publishers , 1997
Subjects:

MARC

LEADER 00000cam a2200000 7i4500
001 0000013178
005 20080307.0
008 080108
020 |a 9830990516 
090 0 0 |a 297.23   |b ASH 
100 0 |a Ash-Shaabuuni, Asy-Syaikh Muhd. 
245 1 0 |a Dekatnya Imaam Al-Mahdi dan tanda-tanda nyata kiamat   |c Asy-Syaikh Muh.'Ali Ash Shaabuuni, Asy-Syaikh Muh.AH. 'Ali-Manshuur; saduran, Abdullah Al-Qari B. Hj Salleh 
260 |a Kuala Lumpur :   |b Al-Hidayah Publishers ,   |c 1997 
650 0 |a Escliatology, Islamic 
650 0 |a Judgement Day (Islam) 
700 0 |a Abdullah Al-Qari 
700 0 |a Ali-Manshuur, Asy-Syaikh Muh 
999 |a 0001009694   |b Book   |c Adult Collection   |e Perbadanan Perpustakaan Awam Johor 
999 |a 0001009695   |b Book   |c Adult Collection   |e Perbadanan Perpustakaan Awam Johor 
999 |a 0001009699   |b Book   |c Adult Collection   |e Perbadanan Perpustakaan Awam Johor